00720nam a2200169 a 450000100100000000500170001000800410002704000250006808200150009311000330010824501150014126000720025630000200032804900090034895201760035799900170053300003226220200930063552.0110406s1913 dr 000 0 spa d aDO-SdBNPbspacBNPHU axxxbR426m1 aRepública Dominicna95831010aMensaje que el ciudadano presidente de la República presenta al congreso nacional en la legislatura de 1913. aSanto Domingo :bImp. Cuna de las América,viuda de Roques,c1913. a17 p. ;c28 cm. aBNPD 00107-18PDaPDbPDcOId2011-07-13iLF1l0oxxx R426mp32262-10r2020-06-25w2020-06-25yLFPDzPerteneció a la biblioteca personal de Julio Ortega Frier.ZNo se presta c31753d31753